000 00588nam a2200205Ia 4500
003 IN-BaIIA
008 211028s9999 xx 000 0 eng d
040 _cIIA Library
080 _a535.215.2
_bLAX
100 _aLax, Melvin
_911082
245 0 _aLaser & optical physics
_cMelvin Lax
260 _aU.S.A., N T I S
_bN T I S
_c1973
300 _a[various pagings.]
650 _aElectro-Optics
650 _aLaser Applications
_99530
650 _aLasers
_93580
650 _aNASA Thesaurus
650 _aPhotonics
_911083
942 _cBK
999 _c6458
_d6458